000 00700cab a2200205 4500
001 WB3103-02
008 090401t1995 xxu||||| |||| 00| 0 eng d
035 _a(Sirsi) u70642
041 _aeng
245 _aActivity soars but confidence dips
260 _c1995
350 _a0
490 _aRICS Press Release
_v(PR2/92CONS) 16 January 1995 (4)
520 _aThe RICS construction workload survey reflects strong growth in activity during the autumn of 1994, but a degree of pessimism in the industry over prospects for continued recovery.
650 _aCONSTRUCTION WORKLOAD
650 _aRICS SURVEY
690 _aBUILDING AND CONSTRUCTION-ECONOMICS
942 _n0
948 _c04/03/1997
999 _c44450
_d44450